02479nkc a2200337za 450000100060000000300040000600500170001000700070002700800410003404000240007510000330009924500520013226000240018430001000020850003710030850001920067950000650087150001340093650001690107050400520123950500500129151001510134151002100149256101300170261000430183265100190187565500320189470000530192685200120197985601500199184473OSt20260319103134.0kh boc250410s19101911sp ||||| ||||||0| i|spa d aM-RABAbspacM-RABA1 aElorza, Lorenzod(1861-1931)10aHueto Arribab: Interior de la iglesiac/ L. E. c[ca. 1910 – 1911] a1 fotografíab: gelatina de platac; imagen 12 x 16,5 cmc; soporte secundario 21,5 x 26,5 cm aVista interior de la iglesia parroquial de la Natividad, en Hueto Arriba, desde la nave central se aprecian los dos arcos ojivales que apean la bóveda. Bajo la línea de imposta queda el muro fabricado en sillería. El presbiterio queda separado del resto de la iglesia por una balaustrada, junto a la que se levanta el púlpito. Al fondo queda el altar mayor.  aFotografía montada sobre soporte secundario de cartulina azul enmarcada con orla en relieve. Título y numeración manuscrita que hace referencia a la posición en la serie “91”. aSello con monograma del fotógrafo en tinta roja “L.E.” aFechas tomadas de la ejecución del positivo de las fotografías, incluido el soporte secundario. (Soto Madrazo, Javier. 2008). aForma parte de un conjunto de 167 fotografías empleadas por Federico Baráibar Zumárraga para la elaboración del Inventario del Románico en Álava (1911). aBaraibar, F.: "Rincones artísticos", M. 1914. aHueto arriba.- Interior de la Iglesia / L. E. aDescripción tomada de: Soto Madrazo, Javier (2008). Federico Baraibar y el Inventario del Románico en Álava: una caja con 167 fotografías. aEsta colección fue utilizada posteriormente por Cristóbal de Castro para la elaboración y publicación del "Catálogo Monumental de España: provincia de Álava", Madrid, S. de Rivadeneira, 1915. aDonadas junto con la memoria manuscrita a la Academia por el mismo Baraibar (Sesión 12 de febrero de 1912, Archivo: 4-32-1)24aIglesia de la Natividad (Hueto Arriba) 7aÁlava2embne 0aFotografías de monumentos1 aBaráibar y Zumárraga, Federico d(1851-1918) jFot-200 3Fot-200uhttps://archivoybiblioteca.realacademiabellasartessanfernando.com/cgi-bin/koha/opac-retrieve-file.pl?id=38ee680cbbfa87b165b708e9b3e6852c